The Court of Appeal Civil Appeal No. 42/98 National Union of Clerical Commercial Professional and Technical Employees Vs Barclays Bank of Uganda LTD. (Record no. 3207)
[ view plain ]
| 000 -LEADER | |
|---|---|
| fixed length control field | 00632nam a22001217a 4500 |
| 008 - FIXED-LENGTH DATA ELEMENTS--GENERAL INFORMATION | |
| fixed length control field | 110617t xxu||||| |||| 00| 0 eng d |
| 010 ## - LIBRARY OF CONGRESS CONTROL NUMBER | |
| LC control number | CACF54 |
| 245 ## - TITLE STATEMENT | |
| Title | The Court of Appeal Civil Appeal No. 42/98 National Union of Clerical Commercial Professional and Technical Employees Vs Barclays Bank of Uganda LTD. |
| 260 ## - PUBLICATION, DISTRIBUTION, ETC. (IMPRINT) | |
| Date of publication, distribution, etc | 1998 |
| 500 ## - GENERAL NOTE | |
| General note | Coram: Hon. Mr. Justice S.T. Manyindo, DCJ.<br/> Hon. Mr. Justice J.P. Berko, JA.<br/> Hon. Mr. Justice S.G Engwau, JA. |
| 500 ## - GENERAL NOTE | |
| General note | Dated at Kampala this 31st day of March 2000. |
| Withdrawn status | Lost status | Source of classification or shelving scheme | Damaged status | Koha normalized classification for sorting | Not for loan | Location (home branch) | Sublocation or collection (holding branch) | Shelving location | Date acquired | Koha issues (times borrowed) | Koha full call number | Piece designation (barcode) | Koha date last seen | Price effective from | Koha item type |
|---|---|---|---|---|---|---|---|---|---|---|---|---|---|---|---|
| Dewey Decimal Classification | CACAF_54 | Law Development Centre Main Library | Law Development Centre Main Library | Law Reports | 06/17/2011 | CACAF54 | 42/1998/1 | 06/17/2011 | 06/17/2011 | Un Reported Cases |
